Statistics for Spyro the Dragon Trivia

Click here to take the quiz!

General Stats

  • This quiz has been taken 282 times
  • The average score is 26 of 35

Answer Stats

HintAnswer% Correct
1Color of Gem worth 1Red
100%
2Color of Gem worth 2Green
99%
6The color of spyroPurple
99%
3Color of Gem worth 5Blue
98%
4Color of Gem worth 10Gold/yellow
98%
5Color of Gem worth 25Purple/violet
97%
7Dragonfly that follows SpryoSparx
94%
8Cheetah that becomes one of spyros closest friendsHunter
92%
19The villian of the scond gameRipto
85%
13Bear that always wants moneyMoneybags
84%
31What spyro primarily breathesFire
82%
18The main villian of the first gameGnasty Gnorc
78%
14The kangaroo freed in third gameSheila
78%
33Name of the first gameSpyro the Dragon
77%
23Collected in the first gameDragons
76%
9The love interest of the cheetah aboveBianca
73%
25Collected in the third gameDragon eggs
72%
24Collected in the second gameOrbs
72%
17The Monkey freed in third gameAgent 9
71%
27Spyro's vacation spotDragon shores
68%
35Name of the third gameSpyro: Year of the Dragon
67%
11Faun introduced in the second gameElora
66%
12Fairy who helps spyroZoe
66%
15The Bird freed in third gameSgt. Byrd
65%
16The Yeti freed in third gameBentley
63%
34Name of the second gameSpyro 2: Ripto's Rage
63%
21Blue henchman of # 19Crush
61%
20The villian of the third gameThe Sorceress
61%
29World spyro is teleported to in the second gameAvalar
60%
22Green Henchman of # 19Gulp
60%
10A scientific moleThe Professor
56%
26Areas where spyro has infinite flightSpeedways
55%
30Enemies that steal dragon eggsThieves
45%
28Homeworld for the dragonsDragon realm
44%
32The secret easter eggs on levels that give an extra lifeSkill points
38%

Score Distribution

Percentile by Number Answered

Percent of People with Each Score

Your Score History

You have not taken this quiz